LIBRARY & INFORMATION CENTRE, KCAET, TAVANUR

ONLINE PUBLIC ACCESS CATALOGUE (OPAC)

Marlowe and the early Shakespeare / (Record no. 11380)

MARC details
000 -LEADER
fixed length control field 00378cam a2200145ua 4500
041 ## - LANGUAGE CODE
Language code of text/sound track or separate title eng
082 ## - DEWEY DECIMAL CLASSIFICATION NUMBER
Classification number 828.09
Item number WIL/MA
100 ## - MAIN ENTRY--AUTHOR NAME
Personal name Wilson, F.P .
245 ## - TITLE STATEMENT
Title Marlowe and the early Shakespeare /
260 ## - PUBLICATION, DISTRIBUTION, ETC. (IMPRINT)
Place of publication London :
Name of publisher Oxford at the Clarendon Press ,
Year of publication 1951.
300 ## - PHYSICAL DESCRIPTION
Number of Pages 144 ; .
942 ## - ADDED ENTRY ELEMENTS (KOHA)
Koha item type Books
Holdings
Withdrawn status Lost status Damaged status Home library Current library Date acquired Cost, normal purchase price Full call number Accession Number Koha item type Public note
Withdrawn     KAUAET Sanskrit University 07/04/2012 15.00 828.09 6708 Books Transferred to Sanskrit University
free website counter